000 01050nam1a22003011 4500
001 v19\rc\1977052
005 20260503053248.0
035 _a(NLR Aleph) 005060784
090 _a6993845
_c6993845
100 _a20251123 rusy50
101 0 _arus
102 _aRU
105 _ay j |||||
200 1 _aТемник-хрестоматия "Важнейшие темы"
_fАлександр Мирлес
205 _a5-е изд., (вновь перераб. и знач. доп.). Т. 1-
210 _aКиев
_cИ.И. Самоненко
_d1914-1915
215 _d23
532 1 3 _aТемник-хрестоматия Важнейшие темы
700 1 _aМирлес
_bА. А.
_f1879-
_gАлександр Акимович
_9127611
_3RU\NLR\AUTH\770127636
801 0 _aRU
_bNLR
_gpsbo
801 0 _aRU
_bRuMoRGB
_2psbo
801 1 _aRU
_bProSoft-M
_2rusmarc
852 _aNLR
_j37.46.4.60
852 _aNLR
_j+Шифры разные
_y(1-2)
899 _aRuMoRGB
_jV 102/414
_y(1, 3)
899 _aБАН
942 _cBOOK
980 _aNB